Powiaty województwa Warmińsko-Mazurskiego - nagła śmierć - Statystyki

Ogólne statystyki
  • Ten quiz został rozwiązany 158 razy
  • Średni wynik to 14 z 21
Answers on the Grid
Answers color-coded by a green-red scale on the quiz's grid according to % correct below.
Ełcki
Węgorzewski
Lubawski
Giżycki
Nowodworski
Olsztyn
Koszaliński
Nidzicki
Zabrze
Tczewski
Elbląg
Gołdapski
Lidzbarski
Augustowski
Ostródzki
Piski
Płock
Bartoszycki
Elbląski
Grodziski
Biskupiecki
Działdowski
Mrągowski
Lubaczowski
Nowomiejski
Olsztyński
Kaliningrad
Braniewski
Szczycieński
Iławski
Przasnyski
Oleśnicki
Kętrzyński
Kolno
Olecki
 
Statystyki odpowiedzi
Odpowiedź % Poprawnych
Ełcki
84%
Olsztyn
79%
Giżycki
75%
Elbląg
74%
Węgorzewski
70%
Gołdapski
69%
Olsztyński
68%
Ostródzki
68%
Działdowski
65%
Lidzbarski
65%
Mrągowski
65%
Bartoszycki
64%
Piski
63%
Kętrzyński
61%
Nidzicki
60%
Braniewski
59%
Elbląski
59%
Szczycieński
59%
Iławski
58%
Olecki
54%
Nowomiejski
45%
Nie znaleziono quizów pasujących do podanych kryteriów
Rozkład punktacji
Procent ludzi z każdym wynikiem
Percentyl według liczby udzielonych odpowiedzi
Twoja historia wyników
Nie rozwiązałeś tego quizu